000 00485cam a22001457a 4500
008 180718b1984 xxu||||| |||| 00| 0 eng d
082 _aT44x5471 In8
100 _aVirmani, Arvind
245 _aEvaluation of financial policy: Credit allocation in Bangladesh
_cBy Arvind Virmani
260 _aWashington, D.C.
_bIBRD
_c1984
300 _a103p. Paper
440 _aWorld Bank Staff Working Papers, 672
650 _aFinance, Public - Policy - Bangladesh
650 _aCredit - Bangladesh
999 _c224046
_d224046